00807nam a2200193 a 450000500170000000800410001702000150005804000270007304100080010004400070010808200180011511000740013324501380020726000820034530000500042749000430047765000540052065000390057420160225133228.0140317s2005 ck a fr||||o000 0 spa d a9589754872 aCO-BoIAVH cCO-BoIAVH 0 aspa ack04a363.102bM66i2 aColombia. bMinisterio de Ambiente, Vivienda y Desarrollo Territorial aIncorporación de la prevención y la reducción de riesgos en los procesos de ordenamiento territorial :bguía metodológica 1 aBogotá :bMinisterio de Ambiente, Vivienda y Desarrollo Territorial,c2005. a101 páginas :bIlustraciones ;c28 x 22 cm.0 aAmbiente y Ordenamiento Territorialv116aEvaluación de riesgos ambientalesxPrevención26aOrdenamiento ambiental territorial